000 00281nam a2200097Ia 4500
008 230915s9999 xx 000 0 und d
050 _aKNS 1750 .G36 2006
100 _aGANDHI, B.M.
245 0 _aLAW OF TORTS WITH LAW OF STATUTORY COMPENSATION AND CONSUMER PROTECTION
942 _cBK
999 _c165844
_d165844